Carolina Crown Shows (2000-Present) - Statistics

General Stats
  • This quiz has been taken 11 times
  • The average score is 16 of 25
Answer Stats
Hint Answer % Correct
2013 (1st) E=mc²
100%
2011 (4th) Rach Star
100%
2025 (5th) The Point of No Return
100%
2018 (4th) Beast
83%
2015 (2nd) Inferno
83%
2016 (3rd) Relentless
83%
2010 (4th) A Sec2nd Chance
67%
2017 (3rd) It Is...
67%
2014 (5th) Out of This World
67%
2024 (5th) Promethean
67%
2022 (4th) Right Here, Right Now!
67%
2009 (2nd) The Grass Is Always Greener
67%
2023 (3rd) The Round Table: Echoes of Camelot
67%
2005 (7th) Angelus
50%
2019 (4th) Beneath the Surface
50%
2004 (7th) Bohemia!
50%
2008 (4th) Finis
50%
2012 (2nd) For the Common Good
50%
2021 In My Mind
50%
2006 (8th) In.trance.it
50%
2007 (6th) Triple Crown
50%
2003 (10th) Bell-isimo!
33%
2002 (16th) Greek Mythology: Stories of Gods and Heroes
33%
2001 (10th) Industry
33%
2000 (11th) The Mask of Zorro
33%
No matching quizzes found
Score Distribution
Percent of People with Each Score
Percentile by Number Answered
Your Score History
You have not taken this quiz